Steam Turbine Operation: A Textbook on the Installation, Running, Maintenance, and Testing of Steam Turbines for Power Station Engineers, Marine Engineers, and Engineering Students/ (Record no. 586)

000 -LEADER
fixed length control field 00554nam a22001457a 4500
008 - FIXED-LENGTH DATA ELEMENTS--GENERAL INFORMATION
fixed length control field 191028b ||||| |||| 00| 0 eng d
082 00 - DEWEY DECIMAL CLASSIFICATION NUMBER
Classification number 621.165
Item number K249
100 ## - MAIN ENTRY--PERSONAL NAME
9 (RLIN) 74
Personal name Kearton, William J.
245 10 - TITLE STATEMENT
Title Steam Turbine Operation: A Textbook on the Installation, Running, Maintenance, and Testing of Steam Turbines for Power Station Engineers, Marine Engineers, and Engineering Students/
250 ## - EDITION STATEMENT
Edition statement 4th
260 ## - PUBLICATION, DISTRIBUTION, ETC. (IMPRINT)
Place of publication, distribution, etc London:
Name of publisher, distributor, etc Sir Isaac Pitman & Sons
Date of publication, distribution, etc 1945
300 ## - PHYSICAL DESCRIPTION
Extent xii, 375p.
650 #0 - SUBJECT ADDED ENTRY--TOPICAL TERM
Topical term or geographic name as entry element Steam Turbines
942 ## - ADDED ENTRY ELEMENTS (KOHA)
Source of classification or shelving scheme
Item type Books
Holdings
Withdrawn status Lost status Source of classification or shelving scheme Damaged status Not for loan Permanent location Current location Date acquired Full call number Barcode Date last seen Copy number Koha item type
          IMU Kolkata IMU Kolkata 1952-10-10 621.165 K249 00011 2019-10-28 1 Books
          IMU Kolkata IMU Kolkata 1952-10-10 621.165 K249 00012 2019-10-28 2 Books
Designed and Maintained by IMU-KC Library, Kolkata Campus © Copyright All Rights Reserved

webs counters

Powered by Koha